English for banking and finance

Rozdiel medzi bežnou angličtinou a angličtinou pre bankovníctvo a financie. Odlišné požiadavky študentov angličtiny pre bankovníctvo a financie a študentov bežnej angličtiny. Rôzne spôsoby výučby anglického jazyka pre sektor bankovníctva a finančníctva.

Salvato in:
Dettagli Bibliografici
Autore principale: Némethová, Ildikó, 1974-
Natura: Capitolo di libro
Lingua:inglese
Soggetti:
Tags: Aggiungi Tag
Nessun Tag, puoi essere il primo ad aggiungerne!!

MARC

LEADER 00000nla$a2200000$$$4500
001 0092148
005 20240502072028.9
041 0 |a eng 
044 |a SK 
245 1 0 |a English for banking and finance  |c Ildikó Némethová 
520 |a Rozdiel medzi bežnou angličtinou a angličtinou pre bankovníctvo a financie. Odlišné požiadavky študentov angličtiny pre bankovníctvo a financie a študentov bežnej angličtiny. Rôzne spôsoby výučby anglického jazyka pre sektor bankovníctva a finančníctva. 
610 2 0 |a jazyky cudzie 
610 2 0 |a angličtina 
610 2 0 |a bankovníctvo 
610 2 0 |a financie 
610 2 0 |a výučba vedecká 
610 2 0 |a terminológia 
100 1 |a Némethová, Ildikó, 1974-